Culture Générale - Série 276 - Statistiques

Statistiques générales
  • Ce quiz a été pris 423 fois
  • Le résultat moyen est 7 sur 10
Statistiques - réponses
Question Réponse % Correct
En France, quel numéro d'urgence doit-on composer pour joindre les pompiers ? Le 18
92%
Dans quel sport Joakim Noah, le fils de Yannick Noah, s'illustre-t-il ? Le basket-ball
85%
Dans quel art Pierre-Paul Rubens s'est-il principalement illustré ? La peinture
84%
Sur un téléphone, à quel chiffre correspond la touche avec un repère pour les aveugles ? 5
80%
Avec quel chanteur Laeticia Boudou a-t-elle adopté une petite Jade en 2005 ? Johnny Hallyday
76%
De quoi suffira-t-il pour "allumer le feu", selon la chanson de Johnny Hallyday ? Une étincelle
74%
Quels bals Michel Sardou a-t-il chantés en 1970 ? Les bals populaires
55%
Comment se conjugue le verbe valoir à la 1ère personne du singulier de l'imparfait ? Je valais
54%
Dans la Grèce antique, quel terme désignait une citadelle placée en haut d'une ville ? L'acropole
40%
Avec quelle actrice Sacha Distel chante-t-il "Le Soleil de ma vie" en 1973 ? Brigitte Bardot
34%
Aucun quiz correspondant
Distribution des résultats
% des personnes avec chaque résultat
Percentile par nombre de réponses
Votre historique - résultats
Vous n’avez pas pris ce quiz